000 00400nam a2200157Ia 4500
005 20250423094501.0
008 250422s9999 xx 000 0 und d
020 _a9781214643
050 _aHB 141.N6 .A67/
245 0 _aApplied econometrics and macroeconometric modelling in Nigeria
260 _aIbadan
260 _bIbadan University Press
260 _c2009
300 _a592 p
942 _cBK
999 _c27371
_d27371